[Event "Brno Trade op"]
[Site "Brno"]
[Date "2021.08.31"]
[Round "4"]
[White "Karafiat, Vojtech"]
[Black "Krystl, Jaromir"]
[Result "1-0"]
[WhiteElo "1255"]
[BlackElo "1514"]
[PlyCount "43"]
[EventDate "2021.08.29"]
[EventType "swiss"]
[EventRounds "9"]
[EventCountry "CZE"]
[SourceTitle "CBM 204 Extra"]
[Source "ChessBase"]
[SourceDate "2021.11.30"]
[SourceVersion "1"]
[SourceVersionDate "2021.11.30"]
[SourceQuality "1"]

1. d4 Nf6 2. Bf4 Nd5 3. e3 Nxf4 4. exf4 d5 5. Nf3 Bf5 6. g3 Nd7 7. Bg2 Nf6 8. Nbd2 c6 9. 0-0 Ne4 10. c3 Nxd2 11. Qxd2 Be4 12. Ne5 Bxg2 13. Kxg2 e6 14. Rfe1 Qb6 15. f5 Rc8 16. fxe6 fxe6 17. Qf4 Rc7 18. Nf3 Re7 19. Ng5 Kd7 20. Nxe6 Rxe6 21. Rxe6 Kxe6 22. Re1+ 1-0

[Event "Brno Duras op-B"]
[Site "Brno"]
[Date "2012.06.30"]
[Round "9"]
[White "Halbrstat, Petr"]
[Black "Krystl, Jaromir"]
[Result "0-1"]
[WhiteElo "1399"]
[BlackElo "1796"]
[PlyCount "74"]
[EventDate "2012.06.23"]
[EventType "tourn"]
[EventRounds "9"]
[EventCountry "CZE"]
[SourceTitle "CBM 149 Extra"]
[Source "ChessBase"]
[SourceDate "2012.08.24"]
[SourceVersion "1"]
[SourceVersionDate "2012.08.24"]
[SourceQuality "1"]

1. d4 Nf6 2. Bf4 c5 3. e3 Qb6 4. b3 e6 5. Nf3 Nc6 6. c3 Be7 7. Bd3 d6 8. Nbd2 cxd4 9. cxd4 Bd7 10. 0-0 Nd5 11. Bg3 Qc7 12. a3 f5 13. Bh4 Qd8 14. Bxe7 Qxe7 15. Nc4 0-0 16. Qd2 b5 17. Na5 a6 18. Nxc6 Bxc6 19. b4 e5 20. dxe5 dxe5 21. Bc2 a5 22. Bb3 Rfd8 23. bxa5 Kh8 24. Bxd5 Bxd5 25. Qb4 Qb7 26. Nxe5 Bxg2 27. Nf7+ Qxf7 28. Kxg2 Qd5+ 29. f3 Rd6 30. Rfd1 Rg6+ 31. Kf2 Qe5 32. f4 Qe6 33. Qxb5 Re8 34. Qd3 Rh6 35. Qd8 Qxe3+ 36. Kf1 Qe2+ 37. Kg1 Rg6+ 0-1

[Event "Brno Duras op-B"]
[Site "Brno"]
[Date "2012.06.24"]
[Round "3"]
[White "Slepanek, Jan"]
[Black "Krystl, Jaromir"]
[Result "0-1"]
[WhiteElo "1780"]
[BlackElo "1796"]
[PlyCount "94"]
[EventDate "2012.06.23"]
[EventType "tourn"]
[EventRounds "9"]
[EventCountry "CZE"]
[SourceTitle "CBM 149 Extra"]
[Source "ChessBase"]
[SourceDate "2012.08.24"]
[SourceVersion "1"]
[SourceVersionDate "2012.08.24"]
[SourceQuality "1"]

1. e4 e5 2. f4 exf4 3. Nf3 d6 4. d4 g5 5. Bc4 g4 6. 0-0 gxf3 7. Bxf7+ Kxf7 8. Qxf3 Qf6 9. Nc3 Be6 10. Bxf4 Nd7 11. e5 dxe5 12. dxe5 Bc5+ 13. Kh1 Qf5 14. Qxb7 Ne7 15. Bg3 Rab8 16. Rxf5+ Nxf5 17. Qf3 Rxb2 18. Rf1 h5 19. Ne4 Be7 20. Qf4 Kg6 21. Nf6 Rb4 22. Qd2 h4 23. Bf4 Rhb8 24. Nxd7 Rb1 25. Rc1 Rxc1+ 26. Qxc1 Bxd7 27. Qd1 Nd4 28. h3 Bc5 29. c3 Ne2 30. Bd2 Ng3+ 31. Kh2 Bf5 32. Bc1 Rb1 33. e6 Ba3 34. Qd8 Rxc1 35. Qg8+ Kf6 36. Qd8+ Kxe6 37. Qxh4 Nf1+ 38. Kg1 Bc5+ 39. Kh1 Nd2+ 40. Kh2 Bg1+ 41. Kg3 Ne4+ 42. Kf3 Rxc3+ 43. Ke2 Ng3+ 44. Kd1 Rd3+ 45. Ke1 Bd4 46. Qh6+ Kd5 47. Qg5 Bf2+ 0-1

[Event "Brno Duras op-B"]
[Site "Brno"]
[Date "2012.06.23"]
[Round "1"]
[White "Vamola, Stepan"]
[Black "Krystl, Jaromir"]
[Result "0-1"]
[WhiteElo "1250"]
[BlackElo "1796"]
[PlyCount "92"]
[EventDate "2012.06.23"]
[EventType "tourn"]
[EventRounds "9"]
[EventCountry "CZE"]
[SourceTitle "CBM 149 Extra"]
[Source "ChessBase"]
[SourceDate "2012.08.24"]
[SourceVersion "1"]
[SourceVersionDate "2012.08.24"]
[SourceQuality "1"]

1. e4 e5 2. Nf3 Nc6 3. Bc4 d6 4. d3 Be6 5. Nc3 Bxc4 6. dxc4 g6 7. Bg5 Qd7 8. Qe2 h6 9. Bh4 Bg7 10. 0-0-0 b6 11. Kb1 Nf6 12. h3 Ne7 13. g4 a5 14. g5 Nh5 15. gxh6 Bxh6 16. Rd3 Nf4 17. Qd1 Nxd3 18. Qxd3 a4 19. Bxe7 Qxe7 20. Rd1 a3 21. Qd5 0-0 22. b3 Qf6 23. Rd3 Rfb8 24. Ka1 Ra5 25. Qc6 Rc5 26. Qa4 Bc1 27. Kb1 Bb2 28. Nd1 Ra5 29. Qc6 Qf4 30. Nxb2 axb2 31. Kxb2 b5 32. Qxc7 Rba8 33. a4 bxc4 34. Qxc4 Rc5 35. Qb4 Rac8 36. c3 d5 37. Rxd5 Rxd5 38. exd5 Qxf3 39. Qb7 Qxc3+ 40. Ka3 Qc5+ 41. Ka2 Qxf2+ 42. Ka3 Qc5+ 43. Ka2 Qc1 44. Qxc8+ Qxc8 45. Ka3 Qc5+ 46. Ka2 e4 0-1

[Event "Moravia-ch"]
[Site "Moravia"]
[Date "1997.??.??"]
[Round "?"]
[White "Krystl, Jaromir"]
[Black "Klima, Lukas"]
[Result "1-0"]
[WhiteElo "1795"]
[BlackElo "1605"]
[PlyCount "37"]
[EventDate "1997.??.??"]
[EventType "swiss"]
[EventRounds "9"]
[EventCountry "CZE"]
[SourceTitle "EXT 1999"]
[Source "ChessBase"]
[SourceDate "1998.11.16"]
[SourceVersion "1"]
[SourceVersionDate "1998.11.16"]
[SourceQuality "1"]

1. e4 e5 2. Nf3 Nf6 3. d4 Nxe4 4. Qe2 d5 5. Nxe5 Be7 6. Nd2 Nxd2 7. Bxd2 0-0 8. Qh5 c5 9. dxc5 Bxc5 10. Be2 Qb6 11. 0-0 Qxb2 12. Rab1 Qa3 13. Rb3 Qxa2 14. Rg3 g6 15. Bd3 f5 16. Nxg6 Rf6 17. Ne7+ Kf8 18. Nxc8 Nd7 19. Bh6+ 1-0